000 00705nam a2200181Ia 4500
008 100920s9999 xx 000 0 und d
082 _b60227
_a520 थ 93
100 _aशिलेदार जुझारसिंघ.
245 _aखेळ संचालन व क्रीडा मार्गदर्शन.
260 _bअभय प्र. , नांदेड.
_c1993
300 _a256
_bसाधी
365 _b100
520 _aशाअ.
630 _aखेळ संचालन व क्रीडा मार्गदर्शन.
650 _aशाअ.
730 _aखेळ संचालन व क्रीडा मार्गदर्शन.
942 _cBOOK
999 _c703528
_d703525